000 00467nam a2200181Ia 4500
001 7792
005 20260306160521.0
008 260306t2006||||xx |||||||||||||| ||spa||
041 _aESP
082 _a362.1782
_bS41
100 _aSepúlveda, Jaime
_eAUT
245 0 _aPolíticas que promueven el acceso a los medicamentos en América Latina
260 _c2006
300 _a139 páginas :
_c20 cm.
650 _aGEN
654 _aCPS
942 _cLIB
_dJUS
_fJUS
_2ddc
_n
999 _c7792
_d7792